Štúdium rozkladu liečiv v kaloch pomocou termogravimetrickej analýzy
Enregistré dans:
| Auteur principal: | |
|---|---|
| Autres auteurs: | |
| Format: | Manuscrit Livre |
| Langue: | slovaque |
| Publié: |
2023
|
| Sujets: | |
| Accès en ligne: | http://is.stuba.sk/zp/portal_zp.pl?podrobnosti=169490 |
| Tags: |
Pas de tags, Soyez le premier à ajouter un tag!
|
MARC
| LEADER | 00000ntm a22000003a 4500 | ||
|---|---|---|---|
| 001 | stuzp94211 | ||
| 003 | SK-STU | ||
| 005 | 20230909221401.4 | ||
| 007 | ta | ||
| 008 | 150427s2015----xo-----f-mn---000-0-slo-d | ||
| 040 | |a STU |b slo | ||
| 041 | 0 | |a slo | |
| 100 | 1 | |a Černáková, Linda |u 046290 |4 aut |U FCHPT Ústav chemického a environmentálneho inžinierstva |T FCHPT Oddelenie environmentálneho inžinierstva |X 97481 |U C6290 |Y 120 |7 97481 | |
| 242 | 0 | 1 | |a Study of pharmaceuticals decomposition in sludge by thermogravimetric analysis |y eng |
| 245 | 1 | 0 | |a Štúdium rozkladu liečiv v kaloch pomocou termogravimetrickej analýzy |
| 260 | |c 2023 | ||
| 650 | 4 | |a liečivá |2 slo | |
| 650 | 4 | |a čistiarenský kal |2 slo | |
| 650 | 4 | |a pyrolýza |2 slo | |
| 650 | 4 | |a rozklad |2 slo | |
| 650 | 4 | |a pharmaceuticals |2 eng | |
| 650 | 4 | |a sewage sludge |2 eng | |
| 650 | 4 | |a pyrolysis |2 eng | |
| 650 | 4 | |a decomposition |2 eng | |
| 700 | 1 | |a Bodík, Igor |u 046290 |k Z1 |4 ths |U FCHPT Ústav chemického a environmentálneho inžinierstva |T FCHPT Oddelenie environmentálneho inžinierstva |X 3340 |U C6290 |Y 120 |7 A000003340 | |
| 856 | 4 | |u http://is.stuba.sk/zp/portal_zp.pl?podrobnosti=169490 | |